Biblioteca y Centro de Documentación

Les enjeux sociaux de l'Union économique et monétaire (Registro nro. 17135)

Detalles MARC
000 -CABECERA
Longitud fija campo de control 01562nam a2200409 c 4500
001 - NÚMERO DE CONTROL
Número de control 17135
003 - IDENTIFICADOR DE NÚMERO DE CONTROL
Identificador del número de control ES-MaCES
005 - FECHA Y HORA DE LA ÚLTIMA TRANSACCIÓN
Fecha y hora de la última transacción 20180131103105.0
008 - CAMPO FIJO DE DESCRIPCIÓN FIJA--INFORMACIÓN GENERAL
Códigos de información de longitud fija   041220s1999 be t 100 | fre d
020 ## - ISBN (INTERNATIONAL STANDARD BOOK NUMBER)
Número Internacional Normalizado para Libros (ISBN) 9052019045
035 ## - NÚMERO DE CONTROL DEL SISTEMA
Número de control del sistema CES20040015961m
040 ## - FUENTE DE CATALOGACIÓN
Centro catalogador de origen ES-MaCES
Lengua de catalogación spa
Centro transcriptor ES-MaCES
245 04 - MENCIÓN DE TÍTULO
Título Les enjeux sociaux de l'Union économique et monétaire
Mención de responsabilidad, etc. Philippe Pochet & Bart Vanhercke (eds.) ; [actes du colloque organisé par le Ministère belge des affaires sociales, de la santé publique et de l'environnement ...]
250 ## - MENCIÓN DE EDICIÓN
Mención de edición [2ªème ed.]
260 ## - PUBLICACIÓN, DISTRIBUCIÓN, ETC (PIE DE IMPRENTA)
Lugar de publicación, distribución, etc. Bruxelles [etc.]
Nombre del editor, distribuidor, etc. PIE.-Peter Lang
Fecha de publicación, distribución, etc. [1999]
300 ## - DESCRIPCIÓN FÍSICA
Extensión 185 p.
Dimensiones 22 cm
490 1# - MENCIÓN DE SERIE
Mención de serie Travail & société
Designación de volumen o secuencia 17
500 ## - NOTA GENERAL
Nota general En la port.: Observatoire social européen = Osservatorio sociale europeo
504 ## - NOTA DE BIBLIOGRAFÍA, ETC.
Nota de bibliografía, etc. Bibliografía
541 ## - NOTA DE LA FUENTE INMEDIANTE DE ADQUISICIÓN
Forma de adquisición Compra
650 #4 - ASIENTO SECUNDARIO DE MATERIA--TÉRMINO DE MATERIA
Término de materia o nombre geográfico como elemento inicial protección social
9 (RLIN) 29076
650 #4 - ASIENTO SECUNDARIO DE MATERIA--TÉRMINO DE MATERIA
Término de materia o nombre geográfico como elemento inicial política social
9 (RLIN) 27029
650 #4 - ASIENTO SECUNDARIO DE MATERIA--TÉRMINO DE MATERIA
Término de materia o nombre geográfico como elemento inicial UEM
9 (RLIN) 30760
650 #4 - ASIENTO SECUNDARIO DE MATERIA--TÉRMINO DE MATERIA
Término de materia o nombre geográfico como elemento inicial convergencia
9 (RLIN) 30771
650 #4 - ASIENTO SECUNDARIO DE MATERIA--TÉRMINO DE MATERIA
Término de materia o nombre geográfico como elemento inicial consecuencias sociales
9 (RLIN) 27288
650 #4 - ASIENTO SECUNDARIO DE MATERIA--TÉRMINO DE MATERIA
Término de materia o nombre geográfico como elemento inicial consecuencias económicas
9 (RLIN) 27082
650 #4 - ASIENTO SECUNDARIO DE MATERIA--TÉRMINO DE MATERIA
Término de materia o nombre geográfico como elemento inicial conferencia
9 (RLIN) 27013
653 10 - TÉRMINO DE INDEXACIÓN--NO CONTROLADO
Término no controlado Asuntos Sociales
700 1# - ENCABEZAMIENTO SECUNDARIO--NOMBRE PERSONAL
Nombre de persona Pochet, Philippe
Término indicativo de función ed. lit.
9 (RLIN) 21164
700 1# - ENCABEZAMIENTO SECUNDARIO--NOMBRE PERSONAL
Nombre de persona Vanhercke, Bart
Término indicativo de función ed. lit.
9 (RLIN) 25503
710 1# - ENCABEZAMIENTO SECUNDARIO--NOMBRE CORPORATIVO
Nombre de entidad o nombre de jurisdicción como elemento inicial Bélgica
Unidad subordinada Ministère des affaires sociales, de la santé publique et de l'environnement
Término indicativo de función col.
9 (RLIN) 1644
710 2# - ENCABEZAMIENTO SECUNDARIO--NOMBRE CORPORATIVO
9 (RLIN) 4666
Nombre de entidad o nombre de jurisdicción como elemento inicial Observatorio Social Europeo
830 #0 - ENCABEZAMIENTO SECUNDARIO DE COLECCIÓN--TÍTULO UNIFORME
Título uniforme Travail & société
Designación de volumen o secuencia 17
9 (RLIN) 34040
902 ## - CES. TIPO DE DOCUMENTO
Tipodoc (006$c Sirtex) LIB Libro
942 ## - ELEMENTOS KOHA
Fuente de clasificaión o esquema Clasificación propia del CES
Koha [por defecto] tipo de item Monografías
Parte de clasificación 3.3.
Existencias
Número de registro Signatura completa Tipo de item de Koha
058506 DPT-6661 Monografías
© CES, Consejo Económico y Social de España 2021